| 000 | 00616nam a2200241 4500 | ||
|---|---|---|---|
| 001 | 2691456 | ||
| 003 | OSt | ||
| 005 | 20180116183027.0 | ||
| 008 | 700619t19701969nyu 000 1 eng | ||
| 010 | _a 75120127 | ||
| 020 | _a0330284843 | ||
| 040 |
_aDLC _cDLC _dDLC |
||
| 050 | 0 | 0 |
_aPZ4.C7112 _bSt3 _aPR6053.O425 |
| 082 | 0 | 0 | _a813.54 Col 1984 |
| 100 | 1 | _aCollins, Jackie. | |
| 245 | 1 | 4 | _aThe stud. |
| 260 |
_aNew York, _bWorld Pub. Co. _c[1970, c1969] |
||
| 300 |
_a218 p. _c21 cm. _bPB |
||
| 350 | _a5.95 | ||
| 440 | _aThe stud. | ||
| 906 |
_a7 _bcbc _corignew _du _encip _f19 _gy-gencatlg |
||
| 942 |
_2ddc _cBK |
||
| 999 |
_c350851 _d350851 |
||